| 000 | 00870nam a22002417a 4500 | ||
|---|---|---|---|
| 005 | 20240530110605.0 | ||
| 008 | 161031s2014 ua a g b 000 0 ara d | ||
| 017 |
_a2014/19818 _bمصر. دار الكتب |
||
| 020 | _a9772329922 | ||
| 040 |
_aEG-CaGPL _cEG-CaGPL |
||
| 082 | 0 | 4 |
_221 _a371.3\ _bع ت |
| 100 | 0 | _aعماد شوقى ملقى سيفين . | |
| 245 | 1 | 2 |
_aالتدريس من التقليد الى التحديث / _cعماد شوقى ملقى سيفين . |
| 250 | _aط.1 | ||
| 260 |
_aالقاهرة : _bعالم الكتب ، _c2015 . |
||
| 300 |
_a344 ص ؛ _c24 سم . |
||
| 504 | _aببليوجرافية : ص 337 - 344 | ||
| 650 | 0 | 7 |
_2qrmak _aالتدريس . |
| 650 | 0 | 7 |
_2qrmak _aالتعليم الالكترونى |
| 650 | 0 | 7 |
_2qrmak _aالتعليم التعاونى . |
| 942 |
_2ddc _cBK |
||
| 999 |
_c62745 _d62745 |
||